[Event "40th USA-ch (w)"]
[Site "Seattle USA"]
[Date "2000.10.01"]
[Round "6"]
[White "Groberman, Elina"]
[Black "Burtman, Sharon"]
[Result "1/2-1/2"]
[WhiteElo "2054"]
[BlackElo "2089"]
[EventDate "2000.09.25"]
[PlyCount "98"]

1.e4 c5 2.Nf3 Nc6 3.d4 cxd4 4.Nxd4 g6 5.c4 Bg7 6.Be3 Nf6 7.Nc3 Ng4 8.Qxg4 
Nxd4 9.Qd1 Nc6 10.Rc1 O-O 11.Be2 d6 12.O-O b6 13.Qd2 Re8 14.b3 Bb7 15.f4 
Qd7 16.Nd5 e6 17.Nc3 Rad8 18.Bf3 Qc8 19.Rcd1 Qb8 20.Nb5 Bf8 21.f5 exf5 22.
exf5 Rxe3 23.Qxe3 d5 24.Qg5 Qe5 25.Bxd5 Rxd5 26.Rxd5 Qe2 27.fxg6 hxg6 28.
Qf6 Ne5 29.Qxe5 Bc5+ 30.Nd4 Qxe5 31.Rxe5 Bxd4+ 32.Kh1 Bxe5 33.Re1 f6 34.
Rd1 Bc6 35.b4 a6 36.Rd8+ Kf7 37.Rd3 Ke6 38.a4 Ke7 39.b5 axb5 40.cxb5 Be4 
41.Ra3 Kd6 42.a5 bxa5 43.Rxa5 Kc5 44.Ra7 Kxb5 45.h4 Kc4 46.Rh7 g5 47.Rh8 
gxh4 48.Rxh4 f5 49.Rh3 Kd5 1/2-1/2

[Event "40th USA-ch (w)"]
[Site "Seattle USA"]
[Date "2000.10.01"]
[Round "6"]
[White "Sagalchik, Olga"]
[Black "Shahade, Jennifer"]
[Result "1/2-1/2"]
[WhiteElo "2145"]
[BlackElo "2238"]
[EventDate "2000.09.25"]
[PlyCount "89"]

1.e4 c5 2.Nf3 d6 3.d4 cxd4 4.Nxd4 Nf6 5.Nc3 g6 6.Be3 Bg7 7.f3 Nc6 8.Qd2 
O-O 9.O-O-O Nxd4 10.Bxd4 Be6 11.h4 Qa5 12.Kb1 Rfc8 13.Nd5 Qxd2 14.Nxf6+ 
Bxf6 15.Rxd2 Bxd4 16.Rxd4 h5 17.b3 Rc3 18.Kb2 Rac8 19.Bc4 Bxc4 20.Kxc3 
Bf1+ 21.Kb2 Bxg2 22.Rhd1 Bxf3 23.R1d3 Bg4 24.Rc3 Kg7 25.Ra4 a6 26.Rb4 g5 
27.hxg5 Kg6 28.e5 Rxc3 29.Kxc3 dxe5 30.Rxb7 h4 31.Rxe7 h3 32.Rxe5 h2 33.
Re1 Bf3 34.Kd4 h1=Q 35.Rxh1 Bxh1 36.c4 Kxg5 37.b4 Bc6 38.Kc5 f5 39.Kxc6 f4
40.b5 f3 41.b6 f2 42.b7 f1=Q 43.b8=Q Qxc4+ 44.Kb6 Qxa2 45.Qe5+ 1/2-1/2

[Event "40th USA-ch (w)"]
[Site "Seattle USA"]
[Date "2000.10.02"]
[Round "7"]
[White "Burtman, Sharon"]
[Black "Sagalchik, Olga"]
[Result "0-1"]
[WhiteElo "2089"]
[BlackElo "2145"]
[EventDate "2000.09.25"]
[PlyCount "68"]

1.d4 d5 2.c4 e5 3.dxe5 d4 4.Nf3 Nc6 5.g3 Be6 6.Nbd2 Bb4 7.Qc2 Nge7 8.Bg2 
Bf5 9.Qa4 d3 10.e3 Be4 11.O-O Bxd2 12.Bxd2 O-O 13.Bc3 Ng6 14.Rad1 Qe7 15.
Ne1 Bxg2 16.Kxg2 Ncxe5 17.Qb3 Rfd8 18.h3 b6 19.Kg1 Qe6 20.Kg2 Nxc4 21.Kg1 
Qe4 22.Bd4 d2 23.Ng2 Nce5 24.Bc3 Nf3+ 25.Kh1 c5 26.Qb5 c4 27.Qh5 f5 28.Ra1
Rd5 29.g4 f4 30.Qxd5+ Qxd5 31.exf4 Ne1 32.Raxe1 dxe1=Q 33.Rxe1 Nxf4 34.Rg1
Qf3 0-1

[Event "40th USA-ch (w)"]
[Site "Seattle USA"]
[Date "2000.10.02"]
[Round "7"]
[White "Epstein, Esther"]
[Black "Airapetian, Shushanik"]
[Result "1/2-1/2"]
[WhiteElo "2224"]
[BlackElo "2072"]
[EventDate "2000.09.25"]
[PlyCount "98"]

1.e4 e5 2.Nf3 Nc6 3.d4 exd4 4.Nxd4 Nf6 5.Nxc6 bxc6 6.e5 Qe7 7.Qe2 Nd5 8.c4
Ba6 9.b3 g6 10.g3 Bg7 11.Bb2 O-O 12.Bg2 d6 13.O-O Bxe5 14.Bxe5 dxe5 15.Re1
Rfe8 16.Qd2 Nf6 17.Bxc6 Rad8 18.Qa5 Ng4 19.Bd5 Qf6 20.f3 e4 21.fxg4 Qxa1 
22.Qxa6 Qd4+ 23.Kg2 e3 24.Qa5 Qb2+ 25.Kh3 Qf2 26.Qc3 g5 27.Bxf7+ Kxf7 28.
Qa5 Re6 29.Qf5+ Rf6 30.Qxh7+ Ke6 31.Qe4+ Kd7 32.Rd1+ Rd6 33.Rxd6+ cxd6 34.
Qb7+ Ke6 35.Qe4+ Kf6 36.Qd4+ Ke6 37.Qe4+ Kd7 38.Qb7+ Ke8 39.Qe4+ Kf8 40.
Nc3 Qf1+ 41.Qg2 Qf6 42.Qc2 Kg7 43.Qf5 Rh8+ 44.Kg2 Qxc3 45.Qd7+ Kg6 46.Qf5+
Kh6 47.Qe6+ Kg7 48.Qd7+ Kf8 49.Qd8+ Kg7 1/2-1/2

[Event "40th USA-ch (w)"]
[Site "Seattle USA"]
[Date "2000.10.02"]
[Round "7"]
[White "Hahn, Anna"]
[Black "Gorlin, Yelena"]
[Result "1/2-1/2"]
[WhiteElo "2265"]
[BlackElo "2110"]
[EventDate "2000.09.25"]
[PlyCount "71"]

1.g3 e6 2.Bg2 Nf6 3.Nf3 a6 4.c4 b5 5.b3 c5 6.O-O Bb7 7.Nc3 Qb6 8.e3 Be7 9.
d4 O-O 10.d5 exd5 11.Nxd5 Nxd5 12.cxd5 d6 13.e4 Nd7 14.Be3 f5 15.Ng5 Bxg5 
16.Bxg5 Rae8 17.exf5 Rxf5 18.Bf4 Rff8 19.Re1 Nf6 20.Qd2 Bc8 21.Rxe8 Rxe8 
22.Re1 Rxe1+ 23.Qxe1 Qd8 24.h3 b4 25.Qe2 Qe8 26.Qe3 Qxe3 27.fxe3 Ne8 28.
Bf1 Kf7 29.Kf2 Ke7 30.Kf3 h6 31.e4 Nc7 32.h4 h5 33.Bc4 Nb5 34.Bxb5 axb5 
35.Ke3 g6 36.Kd3 1/2-1/2

[Event "40th USA-ch (w)"]
[Site "Seattle USA"]
[Date "2000.10.03"]
[Round "8"]
[White "Airapetian, Shushanik"]
[Black "Shahade, Jennifer"]
[Result "0-1"]
[WhiteElo "2072"]
[BlackElo "2238"]
[EventDate "2000.09.25"]
[PlyCount "80"]

1.d4 Nf6 2.Nc3 d5 3.Bg5 Nbd7 4.g3 g6 5.Bg2 c6 6.Nf3 Bg7 7.O-O O-O 8.Re1 
Ne4 9.Bf4 Nxc3 10.bxc3 Nf6 11.Nd2 Be6 12.Rb1 Qc8 13.Be5 b6 14.a3 Rd8 15.f3
Qa6 16.Qc1 Bh6 17.Bxf6 Be3+ 18.Kf1 exf6 19.Rd1 Re8 20.Qb2 Re7 21.c4 Rae8 
22.Qc3 Bf5 23.g4 Bd7 24.cxd5 cxd5 25.Qd3 Qc8 26.Rbc1 Qb8 27.Ne4 Rxe4 28.
fxe4 Qf4+ 29.Bf3 dxe4 30.Qxe3 Qxe3 31.Bg2 Bxg4 32.Re1 Bxe2+ 33.Rxe2 Qxc1+ 
34.Kf2 Qf4+ 35.Kg1 e3 36.d5 Qd4 37.Bf3 Re5 38.Kf1 Qd1+ 39.Kg2 Rg5+ 40.Kh3 
Qf1+ 0-1

[Event "40th USA-ch (w)"]
[Site "Seattle USA"]
[Date "2000.10.03"]
[Round "8"]
[White "Baginskaite, Camilla"]
[Black "Hahn, Anna"]
[Result "1/2-1/2"]
[WhiteElo "2287"]
[BlackElo "2265"]
[EventDate "2000.09.25"]
[PlyCount "75"]

1.d4 g6 2.c4 Bg7 3.e4 c5 4.d5 d6 5.Nc3 Bxc3+ 6.bxc3 Qa5 7.Qb3 Nd7 8.Nf3 
Ngf6 9.Bd3 a6 10.O-O Rb8 11.Rb1 O-O 12.Bf4 Ng4 13.Be2 f5 14.exf5 Rxf5 15.
Bg3 Rf8 16.Ng5 Ndf6 17.Ne6 Bxe6 18.dxe6 Nh6 19.Bd3 Nh5 20.Qc2 Nf5 21.Bxf5 
Rxf5 22.Bh4 Nf4 23.Bxe7 Qc7 24.Bh4 Nxe6 25.Bg3 Qc6 26.Rfe1 Ng5 27.h4 Nf7 
28.Re6 Ne5 29.Bxe5 Rxe5 30.Rxe5 dxe5 31.Rd1 Rf8 32.Rd5 Qf6 33.Qe2 Qxh4 34.
Rxe5 Qf4 35.Re8 Qc1+ 36.Kh2 Qh6+ 37.Kg1 Qc1+ 38.Kh2 1/2-1/2

[Event "40th USA-ch (w)"]
[Site "Seattle USA"]
[Date "2000.10.03"]
[Round "8"]
[White "Frenklakh, Jennie"]
[Black "Burtman, Sharon"]
[Result "1-0"]
[WhiteElo "2133"]
[BlackElo "2089"]
[EventDate "2000.09.25"]
[PlyCount "81"]

1.d4 f5 2.Nc3 Nf6 3.Bg5 d5 4.Bxf6 exf6 5.e3 c6 6.Bd3 Bd6 7.Qf3 g6 8.h4 h5 
9.Nge2 Nd7 10.Nf4 Nf8 11.g3 Bd7 12.O-O-O Qa5 13.Kb1 O-O-O 14.Nce2 b5 15.
Nc1 Re8 16.c3 Re7 17.b4 Qd8 18.Nb3 Rhh7 19.Kc2 Be8 20.Ra1 a6 21.a4 Ra7 22.
Ra2 Rhc7 23.Rha1 Qe7 24.Nc5 Bf7 25.Ra3 Bg8 26.Nxg6 Nxg6 27.Bxf5+ Kd8 28.
Bxg6 a5 29.axb5 axb4 30.cxb4 cxb5 31.Rxa7 Rxa7 32.Rxa7 Qxa7 33.Qxf6+ Be7 
34.Qh8 Qa2+ 35.Kd1 Qxf2 36.Qxg8+ Kc7 37.Qf7 Qg1+ 38.Ke2 Qg2+ 39.Kd3 Kd6 
40.Qe6+ Kc7 41.Qd7+ 1-0

[Event "40th USA-ch (w)"]
[Site "Seattle USA"]
[Date "2000.10.03"]
[Round "8"]
[White "Gorlin, Yelena"]
[Black "Epstein, Esther"]
[Result "0-1"]
[WhiteElo "2110"]
[BlackElo "2224"]
[EventDate "2000.09.25"]
[PlyCount "92"]

1.e4 c5 2.Nf3 g6 3.d4 Bg7 4.Nc3 cxd4 5.Nxd4 Nc6 6.Nb3 b6 7.Be2 Bb7 8.O-O 
Nf6 9.Bg5 O-O 10.f4 d6 11.Qe1 a5 12.a4 Nb4 13.Bd3 h6 14.Bh4 Nd7 15.Rf3 Nc5
16.Nxc5 bxc5 17.Qe2 Nxd3 18.cxd3 Rb8 19.f5 g5 20.Bf2 Be5 21.Be3 Kg7 22.Rh3
Rh8 23.Rh5 Bc6 24.Qd2 f6 25.Rh3 Rb4 26.Rf3 Qb6 27.Ra2 Rb8 28.Rf2 Qb7 29.
Qc2 Be8 30.Nd5 Rxb2 31.Rxb2 Bxb2 32.h4 Be5 33.hxg5 hxg5 34.Qd2 Bf7 35.Bxg5
Rh8 36.Be3 Bh2+ 37.Kf1 Qb1+ 38.Qe1 Qxd3+ 39.Qe2 Qb1+ 40.Qe1 Qxe1+ 41.Kxe1 
Bxd5 42.exd5 Bg3 43.Ke2 Bxf2 44.Bxf2 Rh5 45.g4 Rh3 46.Be1 Ra3 0-1

[Event "40th USA-ch (w)"]
[Site "Seattle USA"]
[Date "2000.10.05"]
[Round "9"]
[White "Burtman, Sharon"]
[Black "Airapetian, Shushanik"]
[Result "1-0"]
[WhiteElo "2089"]
[BlackElo "2072"]
[EventDate "2000.09.25"]
[PlyCount "80"]

1.d4 d5 2.c4 e6 3.g3 Bd6 4.Bg2 f5 5.Nf3 Nf6 6.O-O O-O 7.b3 Nbd7 8.Bb2 c6 
9.Nbd2 Ne4 10.Qc2 Qf6 11.Rad1 g5 12.Nxe4 fxe4 13.Ne1 Qg7 14.f3 exf3 15.
Nxf3 g4 16.Nd2 Nf6 17.e4 Be7 18.Qd3 Bd7 19.Qe2 Rae8 20.e5 Nh5 21.Nb1 Kh8 
22.Ba3 Bxa3 23.Nxa3 Qg5 24.Nc2 Ng7 25.Ne3 h5 26.Rxf8+ Rxf8 27.Rf1 Rxf1+ 
28.Bxf1 Be8 29.Qf2 Kg8 30.Bd3 Bg6 31.Bxg6 Qxg6 32.Qc2 Qg5 33.Kf2 h4 34.
cxd5 exd5 35.Qe2 hxg3+ 36.hxg3 Nf5 37.Nxf5 Qxf5+ 38.Kg2 Qe6 39.Qe3 b6 40.
Qg5+ Kf7 1-0

[Event "40th USA-ch (w)"]
[Site "Seattle USA"]
[Date "2000.10.05"]
[Round "9"]
[White "Hahn, Anna"]
[Black "Groberman, Elina"]
[Result "1/2-1/2"]
[WhiteElo "2265"]
[BlackElo "2054"]
[EventDate "2000.09.25"]
[PlyCount "85"]

1.g3 Nf6 2.Bg2 g6 3.Nf3 Bg7 4.O-O O-O 5.c4 d6 6.Nc3 e5 7.d3 Nc6 8.Rb1 Bf5 
9.b4 Qd7 10.Ng5 h6 11.Nge4 Nxe4 12.Nxe4 Kh8 13.b5 Nd8 14.Bd2 Bh3 15.Qc1 
Bxg2 16.Kxg2 f5 17.Nc3 Kh7 18.e3 f4 19.f3 fxe3 20.Bxe3 Ne6 21.Qd2 Rf5 22.
Qe2 b6 23.Ne4 h5 24.g4 Nf4+ 25.Bxf4 Rxf4 26.h3 a5 27.bxa6 Rxa6 28.Rb5 Rf8 
29.Rfb1 Qe7 30.R5b2 Bh6 31.Rc2 Ra5 32.Nc3 Qf7 33.Nd5 Bg5 34.Qe4 Kh6 35.Nc3
Qd7 36.Rh1 h4 37.Rb1 Rfa8 38.Qe2 Qf7 39.Rcb2 Qf4 40.Qf2 Rf8 41.Nd5 Qf7 42.
Qe2 Rfa8 43.Nc3 1/2-1/2

[Event "40th USA-ch (w)"]
[Site "Seattle USA"]
[Date "2000.10.05"]
[Round "9"]
[White "Sagalchik, Olga"]
[Black "Frenklakh, Jennie"]
[Result "1-0"]
[WhiteElo "2145"]
[BlackElo "2133"]
[EventDate "2000.09.25"]
[PlyCount "91"]

1.d4 d5 2.c4 e6 3.Nc3 Nf6 4.cxd5 exd5 5.Bg5 Be7 6.e3 Nbd7 7.Qc2 O-O 8.Bd3 
c6 9.Nge2 Re8 10.O-O Nf8 11.f3 b6 12.Kh1 h6 13.Bh4 Ne6 14.Rad1 Bb7 15.Bf2 
Qc7 16.Bg1 c5 17.Qd2 a6 18.Bb1 b5 19.dxc5 Bxc5 20.a3 Qb6 21.b4 Bd6 22.e4 
Qc7 23.Nxd5 Nxd5 24.exd5 Nf8 25.f4 Rad8 26.Nc3 Qc4 27.Bb6 Rc8 28.Rf3 Bxf4 
29.Qf2 Bd6 30.Rxf7 Qxc3 31.Rxb7 Qe5 32.Qf7+ Kh8 33.g3 Re7 34.Rxe7 Bxe7 35.
Bd4 Qg5 36.Bc5 Qg4 37.Rf1 Bxc5 38.bxc5 g6 39.c6 Qd4 40.Qf6+ Qxf6 41.Rxf6 
Kg7 42.Rf2 Nh7 43.Rc2 Kf7 44.d6 Ke6 45.d7 Rf8 46.Re2+ 1-0

[Event "40th USA-ch (w)"]
[Site "Seattle USA"]
[Date "2000.10.05"]
[Round "9"]
[White "Shahade, Jennifer"]
[Black "Gorlin, Yelena"]
[Result "1/2-1/2"]
[WhiteElo "2238"]
[BlackElo "2110"]
[EventDate "2000.09.25"]
[PlyCount "77"]

1.e4 e6 2.d4 d5 3.Nd2 Nf6 4.e5 Nfd7 5.c3 c5 6.Bd3 Nc6 7.Ne2 cxd4 8.cxd4 f6
9.exf6 Qxf6 10.Nf3 h6 11.O-O Bd6 12.Be3 O-O 13.Bb5 Ne7 14.Rc1 Rd8 15.Qd2 
Ng6 16.Ng3 Nh4 17.Be2 Nxf3+ 18.Bxf3 Qh4 19.Rfe1 Nf8 20.h3 Bd7 21.Ne2 Ng6 
22.Bg4 Rf8 23.g3 Qf6 24.Nc3 Rad8 25.Kg2 Ne7 26.Rcd1 Kh8 27.Ne2 Ng6 28.f4 
Ne7 29.Ng1 Qg6 30.Nf3 Nf5 31.Bxf5 Qxf5 32.Ne5 Bxe5 33.fxe5 Qf3+ 34.Kh2 Bb5
35.Bxh6 Qf2+ 36.Qxf2 Rxf2+ 37.Kg1 Rxb2 38.Rb1 Rxb1 39.Rxb1 1/2-1/2